00494nam a22001697a 4500003000900000008004100009040007100050082002100121100001900142245002900161260004400190300002700234650001700261650001400278650001100292700002100303AR-CdUCM190225b ||||| |||| 00| 0 spa d aMUNICIPALIDAD PROVINCIAL DEL CUSCOcBIBLIOTECA MUNICIPAL DEL CUSCO 22ed.a823 /bM27 aMason, Richard aEl mundo de Suzie Wong / aBuenos Aires :bGuillermo Kraft,c1958. a336 páginas.c20 cm. aRobert Lomax aHong Kong aNovela aFranco, Ada Emma